الخزف الاسلامي

محفوظ في:

المؤلف الرئيسي: Muṣṭafá Muḥamad.

التنسيق: كتاب

اللغة: Undetermined

منشور في: Al-Qāhirah : matabie sharikat alaeilanat alsharqia, 1956.

الموضوعات:

الوسوم: إضافة وسم

لا توجد وسوم, كن أول من يضع وسما على هذه التسجيلة!

رقم الطلب: NK3880 .M8713 1956

LEADER 00465nam a2200145Ia 4500
008 240329s9999||||xx |||||||||||||| ||und||
050 4 |a NK3880 .M8713 1956 
100 1 |a Muṣṭafá Muḥamad. 
245 1 0 |a الخزف الاسلامي  |c Muṣṭafá Muḥamad 
264 1 |a Al-Qāhirah :  |b matabie sharikat alaeilanat alsharqia,  |c 1956. 
300 |a 58  |b color illustrations  |c 19 
650 |a الخزف 
650 |a الفن الاسلامي 
942 |2 lcc  |c BK 
999 |c 57841  |d 57841